|
|
|
|
| LEADER |
00926nam a22002652a 4500 |
| 001 |
000843735 |
| 003 |
CZ BrMZK |
| 005 |
20210916115526.0 |
| 007 |
ta |
| 008 |
070306s1986 xr er|||||||||||rus d |
| 015 |
|
|
|a cnb000101402
|
| 040 |
|
|
|a BOA001
|b cze
|
| 080 |
9 |
|
|a 316.323.72(075.8):378.632
|
| 245 |
0 |
0 |
|a K issledovaniju socialističeskogo obščestvennogo soznanija
|
| 260 |
|
|
|a [Praga] :
|b Vysšaja političeskaja škola CK KPČ,
|c 1986
|
| 300 |
|
|
|a 102 s.
|
| 490 |
1 |
|
|a Učební texty vysokých škol
|
| 550 |
|
|
|a Vydavatel: Vysoká škola politická ÚV KSČ v Praze
|
| 710 |
2 |
|
|a Vysoká škola politická ÚV KSČ
|7 kn20010710075
|
| 830 |
|
0 |
|a Učební texty vysokých škol
|
| 910 |
|
|
|a BOA001
|b 2-0916.614
|
| 964 |
|
|
|a Socialistická společnost - učebnice - vysoké školy
|
| 990 |
|
|
|a BK
|
| 991 |
|
|
|b 200703
|
| 996 |
6 |
|
|b 2619329773
|c 2-0916.614
|l MZK
|r Sklad / do 1 hodiny
|n 0
|w 000843735
|u 000010
|a 1
|e BOA001
|j MZK50
|s P
|